Wavesbury. Indiánské Vánoce /
Třetí část rozsáhlého historického románu, odehrávajícího se tentokrát v letech 1757 až 1765 jak na americkém, tak i evropském kontinentu, sleduje další osudy hraběte a plukovníka Davida Wavesburyho a jeho manželky Elizabeth.
Uloženo v:
| Série: | Wavesbury,
část 3 |
|---|---|
| Hlavní autor: | |
| Médium: | E-kniha |
| Jazyk: | Czech |
| Vydáno: |
[Praha] :
Jonathan Livingston,
2020
|
| Témata: | |
| Příbuzné jednotky: | Z cyklu::
Wavesbury |
| Tagy: |
Žádné tagy |
| LEADER | 02789nam a2200409 i 4500 | ||
|---|---|---|---|
| 001 | 311194 | ||
| 003 | CZ PrSKC | ||
| 005 | 20260601215701.0 | ||
| 007 | ta | ||
| 008 | 200518s2020 xr b g 000 f cze | ||
| 015 | |a cnb003218990 | ||
| 020 | |a 9788075511607 |q (vázáno) | ||
| 035 | |a (OCoLC)1200246540 | ||
| 040 | |a ABG001 |b cze |e rda | ||
| 072 | 7 | |a 821.162.3-3 |x Česká próza |2 Konspekt | |
| 080 | |a 821.162.3-31 |2 MRF | ||
| 080 | |a (0:82-311.6) |2 MRF | ||
| 100 | 1 | |a Návara, David, |d 1981- |7 xx0236022 |4 aut | |
| 245 | 1 | 0 | |a Wavesbury. |p Indiánské Vánoce / |c David Návara |
| 246 | 3 | 0 | |a Indiánské Vánoce |
| 264 | 1 | |a [Praha] : |b Jonathan Livingston, |c 2020 | |
| 300 | |a 417 stran : |b 1 mapa ; |c 21 cm | ||
| 336 | |a text |b txt |2 rdacontent | ||
| 337 | |a bez média |b n |2 rdamedia | ||
| 338 | |a svazek |b nc |2 rdacarrier | ||
| 520 | 2 | |a Třetí část rozsáhlého historického románu, odehrávajícího se tentokrát v letech 1757 až 1765 jak na americkém, tak i evropském kontinentu, sleduje další osudy hraběte a plukovníka Davida Wavesburyho a jeho manželky Elizabeth. |b Je prosinec 1757 a Davidovi a Elizabeth konečně svitla naděje, že prožijí klidné Vánoce. Při plavbě Atlantikem po napadení francouzským korzárem ztroskotají. Přežít v nehostinných kanadských lesích vyžaduje nečekaná spojenectví, zvláště když se znovu objeví staří nepřátelé... Po tragické bitvě u Ticonderogy je Wavesburyho regiment poslán odpočinout si do odlehlé komunity pobožných osadníků. Britské síly se stahují kolem Québeku, schyluje se k rozhodující bitvě francouzsko-indiánské války a u toho plukovník Wavesbury nemůže chybět. Na křtiny Wavesburyho dvojčat se sjíždějí hosté. Dorazí i Adam Barclay se ženou Annou a sestrou Lucy. Oslava křtin je narušena a Lucy je unesena. David se svými muži, Elizabeth a Barclayovými se vydávají po stopách únosce. Pátrání je přivádí do francouzského Gévaudanu, kraje, kde řádí tajemná Bestie. Nakladatelská anotace. Kráceno. | |
| 546 | |a Český text | ||
| 655 | 7 | |a české romány |7 fd133974 |2 czenas | |
| 655 | 7 | |a historické romány |7 fd132414 |2 czenas | |
| 655 | 9 | |a Czech fiction |2 eczenas | |
| 655 | 9 | |a historical novels |2 eczenas | |
| 787 | 0 | 8 | |i Z cyklu: |t Wavesbury |g 3 |
| 900 | |a ABA001 |b 21 | ||
| 044 | |a xr | ||
| 910 | |a RBIT002 | ||
| 998 | |d 206789 |a https://core.palmknihy.cz/api/books/206789/cover?qaotfv |b https://core.palmknihy.cz/api/books/206789/cover/400?qaotfv |c https://core.palmknihy.cz/api/books/206789/cover/50?qaotfv |e 2031-01-31 |g 422 |i 9788075511607 |j https://core.palmknihy.cz/api/books/206789/preview.epub |k https://core.palmknihy.cz/api/books/206789/preview.pdf |l |q 49 |r 1 |s https://www.palmknihy.cz/kniha/206789 |t ebook |y 2020 |z 0 |v Wavesbury |w 3 | ||
| 999 | |d 311192 | ||